Libro de música de vihuela, intitulado Silva de Sirenas. Volumen II / Enriquez de Valderrábano (Valladolid, 1547) ; transcripción y estudio por Emilio Pujol
Publicado:
Barcelona :
Consejo Superior de Investigaciones Científicas, Instituto Español de Musicología ,
1965
Descripción Física:
95 p. : amb partitures ; 33 cm
Colección:
Monumentos de la música española ; 23
Otros Autores:
Pujol, Emilio, ed
MARC
| LEADER | 00000nam a2200000Ia 4500 | ||
|---|---|---|---|
| 001 | 10377 | ||
| 008 | 160829s1965 xx 000 0 cat d | ||
| 080 | |a B-1-24 | ||
| 100 | |a Valderrábano, Enrique de |9 35906 | ||
| 245 | |a Libro de música de vihuela, intitulado Silva de Sirenas. Volumen II / Enriquez de Valderrábano (Valladolid, 1547) ; transcripción y estudio por Emilio Pujol | ||
| 260 | |a Barcelona : |b Consejo Superior de Investigaciones Científicas, Instituto Español de Musicología, |c 1965 | ||
| 300 | |a 95 p. : |b amb partitures ; |c 33 cm | ||
| 490 | |a Monumentos de la música española ; 23 | ||
| 650 | |a Música |x Espanya |x S. XVI |9 36655 | ||
| 650 | |a Viola de mà, Música per a |9 35908 | ||
| 700 | |a Pujol, Emilio, ed. |9 35909 | ||
| 710 | 2 | |a Consejo Superior de Investigaciones Científicas (CSIC) (Espanya) |9 53988 | |
| 710 | 2 | |a Instituto Español de Musicología |9 54314 | |
| 901 | |a Arxiu | ||
| 942 | |n 1 | ||
| 952 | |0 0 |1 0 |4 0 |6 B124 |7 1 |9 47117 |a Arxiu |b Arxiu |d 2016-12-01 |l 0 |o B-1-24 |p 10377 |r 2016-12-01 00:00:00 |w 2016-12-01 |y ARXIU | ||
| 999 | |c 50912 |d 50912 | ||